Kabale University Library Catalogue

Global climate change : (Record no. 6088)

MARC details
000 -LEADER
fixed length control field 00837cam a22002294a 4500
005 - DATE AND TIME OF LATEST TRANSACTION
control field 20260205153530.0
008 - FIXED-LENGTH DATA ELEMENTS--GENERAL INFORMATION
fixed length control field 110216s2011 ncua b 001 0 eng c
020 ## - INTERNATIONAL STANDARD BOOK NUMBER
International Standard Book Number 9780822351092
040 ## - CATALOGING SOURCE
Original cataloging agency KABLIB
Transcribing agency KABLIB
Description conventions rda
082 00 - DEWEY DECIMAL CLASSIFICATION NUMBER
Classification number 363.73
Edition number 23
Item number PIL
100 1# - MAIN ENTRY--PERSONAL NAME
Personal name Pilkey, Orrin H.,
Dates associated with a name 1934-
9 (RLIN) 15468
245 10 - TITLE STATEMENT
Title Global climate change :
Remainder of title a primer /
Statement of responsibility, etc. Orrin H. Pilkey, Keith C. Pilkey ; with batik art by Mary Edna Fraser.
260 ## - PUBLICATION, DISTRIBUTION, ETC.
Place of publication, distribution, etc. Durham, NC :
Name of publisher, distributor, etc. Duke University Press,
Date of publication, distribution, etc. c2011.
300 ## - PHYSICAL DESCRIPTION
Extent xi, 142 p. :
Other physical details col. ill. ;
Dimensions 24 cm.
504 ## - BIBLIOGRAPHY, ETC. NOTE
Bibliography, etc. note Includes bibliographical references (p. [131]-137), index.
650 #0 - SUBJECT ADDED ENTRY--TOPICAL TERM
Topical term or geographic name entry element Climatic changes.
9 (RLIN) 13048
650 #0 - SUBJECT ADDED ENTRY--TOPICAL TERM
Topical term or geographic name entry element Global temperature changes.
9 (RLIN) 15469
650 #0 - SUBJECT ADDED ENTRY--TOPICAL TERM
Topical term or geographic name entry element Global warming.
9 (RLIN) 5860
700 1# - ADDED ENTRY--PERSONAL NAME
Personal name Pilkey, Keith C.,
Dates associated with a name 1965-
9 (RLIN) 15470
700 1# - ADDED ENTRY--PERSONAL NAME
Personal name Fraser, Mary Edna.
9 (RLIN) 15471
942 ## - ADDED ENTRY ELEMENTS (KOHA)
Source of classification or shelving scheme Dewey Decimal Classification
Koha item type Book
Holdings
Withdrawn status Lost status Source of classification or shelving scheme Damaged status Not for loan Home library Current library Shelving location Date acquired Source of acquisition Total Checkouts Full call number Barcode Date last seen Price effective from Koha item type
    Dewey Decimal Classification     Education Library Education Library Open Access Section 05.02.2026 Donation   363.73 PIL 14550 05.02.2026 05.02.2026 Book

Kabale University Library | Kabale University P.O Box 317, Kabale, Uganda
Tel : +256754017033, +256774661503 E-mail : library@kab.ac.ug